Matemática 1 /

Guardado en:
Autor Principal: Rojo, Armando O.
Formato: Libro
Publicado: Buenos Aires : El Ateneo, 1980
Edición:4a. ed.
Materias:
Etiquetas: Agregar Etiqueta
Sin Etiquetas, Sea el primero en etiquetar este registro!
LEADER 00514nam a22001815a 4500
001 CEM.cems005548
005 20060221000000.0
008 130507s1980##################000#0#####d
003 CEMS
082 0 4 |a 510 
100 1 |a Rojo, Armando O. 
245 1 0 |a Matemática 1 / 
250 |a 4a. ed. 
260 |a Buenos Aires :  |b El Ateneo,  |c 1980 
300 |a 371 p. 
653 |a Matematica 
859 |a CEMS  |b BIB. CEMS - 11 de abril  |h 510  |i R638a4/I  |p 10292.81  |t Ej.2 
859 |a CEMS  |b BIB. CEMS - 11 de abril  |h 510  |i R638a4/I  |p 10293.81  |t Ej.1